[Event "10th ch-CRO w 2012"]
[Site "Topusko CRO"]
[Date "2012.02.09"]
[Round "6.1"]
[White "Deur,Z"]
[Black "Franciskovic,B"]
[Result "1/2-1/2"]
[WhiteTitle "WFM"]
[BlackTitle "WIM"]
[WhiteElo "2142"]
[BlackElo "2272"]
[WhiteFideId "14512670"]
[BlackFideId "14507943"]
[EventDate "2012.02.05"]
[EventType "tourn"]

1. e4 c6 2. d4 d5 3. Nc3 dxe4 4. Nxe4 Bf5 5. Ng3 Bg6 6. h4 h6 7. Nf3 e6 8. h5
Bh7 9. Bd3 Bxd3 10. Qxd3 Nf6 11. Bd2 Be7 12. O-O-O O-O 13. Ne4 Nxe4 14. Qxe4 Qd5
15. Qxd5 cxd5 16. Ne5 Bd6 17. Rh3 Bxe5 18. dxe5 Nd7 19. Rg3 Kh7 20. Bc3 Nc5 21.
Bb4 Rfc8 22. Bxc5 Rxc5 23. Rd4 Rac8 24. c3 Rc4 25. Rdg4 Kh8 26. Kd2 b5 27. b3
Rxg4 28. Rxg4 a5 29. a4 Rb8 30. axb5 Rxb5 31. Kc2 Kg8 32. Ra4 g6 33. g4 gxh5 34.
gxh5 Kf8 35. Rg4 Rc5 36. Kd3 Rb5 37. Kc2 Rc5 38. Kd3 Rb5 1/2-1/2

[Event "10th ch-CRO w 2012"]
[Site "Topusko CRO"]
[Date "2012.02.09"]
[Round "6.2"]
[White "Berke,A"]
[Black "Medic,Mir"]
[Result "1-0"]
[WhiteTitle "WFM"]
[BlackTitle "WGM"]
[WhiteElo "2153"]
[BlackElo "2228"]
[WhiteFideId "14510359"]
[BlackFideId "14501619"]
[EventDate "2012.02.05"]
[EventType "tourn"]

1. e4 e6 2. d4 d5 3. Nd2 Nf6 4. e5 Nfd7 5. c3 c5 6. Bd3 Nc6 7. Ne2 cxd4 8. cxd4
Qb6 9. Nf3 f6 10. exf6 Nxf6 11. O-O Bd6 12. Nc3 O-O 13. Bg5 Kh8 14. Na4 Qc7 15.
Bh4 e5 16. dxe5 Nxe5 17. Nxe5 Bxe5 18. Bg3 Bxg3 19. hxg3 Bg4 20. Qd2 Qe5 21. Qf4
Qh5 22. Nc3 Ne4 23. Qe3 Ng5 24. Qd4 Rad8 25. Rae1 Ne6 26. Qe5 Qxe5 27. Rxe5 Nc5
28. Bc2 g6 29. Nxd5 b6 30. Rfe1 Be6 31. Nf4 Bxa2 32. Ra1 Bc4 33. Rxa7 Rd7 34.
Rxc5 Rxa7 35. Rxc4 Ra1+ 36. Kh2 Rf6 37. g4 g5 38. Nh5 1-0

[Event "10th ch-CRO w 2012"]
[Site "Topusko CRO"]
[Date "2012.02.09"]
[Round "6.4"]
[White "Ivekovic,A CRO"]
[Black "Sargac,R"]
[Result "0-1"]
[BlackTitle "WIM"]
[WhiteElo "1987"]
[BlackElo "2134"]
[WhiteFideId "14514508"]
[BlackFideId "14507250"]
[EventDate "2012.02.05"]
[EventType "tourn"]

1. e4 c5 2. Nf3 a6 3. d4 cxd4 4. Nxd4 Nf6 5. Nc3 e5 6. Nf3 Bb4 7. Qd3 O-O 8. Bg5
Nc6 9. Be2 Bxc3+ 10. bxc3 d5 11. Nd2 dxe4 12. Nxe4 Qxd3 13. cxd3 Nxe4 14. dxe4
Be6 15. O-O Rac8 16. Rfb1 Na5 17. Be7 Rfe8 18. Bb4 Nc4 19. Bxc4 Rxc4 20. f3 Rc6
21. a4 Rec8 22. Rd1 g6 23. a5 f6 24. Rd2 Kf7 25. Kf2 Rc4 26. Re1 R4c6 27. g3 h5
28. Red1 b6 29. axb6 Rxb6 30. Rd6 Rxd6 31. Rxd6 Ra8 32. Rd1 a5 33. Ra1 a4 34.
Ke1 Bb3 35. Kf2 g5 36. Ba3 Rd8 37. Ke3 Bc4 38. Bb4 Rd3+ 39. Kf2 Rd2+ 40. Kg1 Bb3
41. h3 Ke6 42. Rf1 h4 43. g4 Rd3 44. Kg2 Rd8 45. Ba3 Rd2+ 46. Rf2 Rd3 47. Bb2
Kd7 48. Ba3 Rxc3 49. Rd2+ Kc7 50. Be7 Rc6 51. Kf2 Re6 52. Ba3 Kc6 53. Ke3 Bc4
54. Kf2 Kb5 55. Rd1 Bb3 56. Rc1 Re8 57. Ke3 Bc4 58. Rb1+ Ka5 59. Rc1 Bb5 60. Rd1
Rc8 61. Be7 Rc3+ 62. Kf2 Rc2+ 63. Kg1 Rc6 64. Kf2 Rc2+ 65. Kg1 Be2 66. Rd5+ Ka6
67. Bxf6 Bxf3 68. Rxe5 Rg2+ 69. Kf1 Rh2 70. Rxg5 Bxe4 71. Rh5 Rxh3 72. Ke1 Rh1+
73. Kd2 h3 74. g5 a3 75. Ke3 Bf5 76. Kf4 Rf1+ 77. Kg3 a2 78. Bd4 Rd1 79. Be5
a1=Q 80. Bxa1 Rxa1 81. Rh6+ Kb5 82. Kf2 Kc4 83. g6 Ra8 84. Rh5 Be6 85. Kg1 Kd4
86. Rg5 Ra1+ 87. Kh2 Ra2+ 88. Kh1 Bd5+ 0-1

[Event "10th ch-CRO w 2012"]
[Site "Topusko CRO"]
[Date "2012.02.10"]
[Round "7.1"]
[White "Ljikar,Tamara"]
[Black "Ivekovic,A CRO"]
[Result "1/2-1/2"]
[WhiteElo "1793"]
[BlackElo "1987"]
[WhiteFideId "14530767"]
[BlackFideId "14514508"]
[EventDate "2012.02.05"]
[EventType "tourn"]

1. e4 e5 2. Nf3 Nc6 3. Bc4 Nf6 4. d3 Be7 5. c3 O-O 6. O-O d6 7. a4 Bg4 8. h3 Bd7
9. Re1 Qc8 10. Nbd2 Ne8 11. Nf1 h6 12. Ng3 a5 13. Be3 Nf6 14. d4 Qe8 15. Qc2 Kh8
16. Bd2 Ng8 17. b3 g6 18. Rad1 Bf6 19. Bc1 Rd8 20. Ba3 Bg7 21. d5 Nce7 22. Bf1
Rb8 23. c4 b6 24. Bb2 f5 25. exf5 gxf5 26. Nh2 Nf6 27. Bd3 Nh5 28. Nxh5 Qxh5 29.
Be2 Qf7 30. Nf3 Rg8 31. Kh1 Bf6 32. Bc1 Bg7 33. Rg1 Ng6 34. Nh2 Ne7 1/2-1/2

[Event "10th ch-CRO w 2012"]
[Site "Topusko CRO"]
[Date "2012.02.10"]
[Round "7.2"]
[White "Medic,Mir"]
[Black "Ivekovic,T"]
[Result "1-0"]
[WhiteTitle "WGM"]
[WhiteElo "2228"]
[BlackElo "2048"]
[WhiteFideId "14501619"]
[BlackFideId "14517825"]
[EventDate "2012.02.05"]
[EventType "tourn"]

1. d4 Nf6 2. c4 e6 3. Nc3 Bb4 4. Qc2 c5 5. dxc5 Bxc5 6. Nf3 Nc6 7. a3 O-O 8. Bf4
b6 9. Rd1 Bb7 10. e3 Be7 11. Be2 a6 12. O-O Rc8 13. e4 Nh5 14. Be3 Bc5 15. Bc1
Qc7 16. b4 Be7 17. Be3 a5 18. Na4 axb4 19. Bxb6 Qb8 20. Nc5 Nf6 21. Nxd7 Nxd7
22. Rxd7 bxa3 23. c5 Bd8 24. Qb3 Bxb6 25. cxb6 Rfd8 26. Rxd8+ Nxd8 27. Qxa3 Bxe4
28. Qa4 Bc6 29. Qb4 Qb7 30. Ra1 Rb8 31. Rb1 Bd5 32. h3 Nc6 33. Qd6 Rd8 34. Qc7
Qxc7 35. bxc7 Rc8 36. Ne5 Kf8 37. Nxc6 Bxc6 38. Rb8 1-0

[Event "10th ch-CRO w 2012"]
[Site "Topusko CRO"]
[Date "2012.02.10"]
[Round "7.3"]
[White "Franciskovic,B"]
[Black "Berke,A"]
[Result "1-0"]
[WhiteTitle "WIM"]
[BlackTitle "WFM"]
[WhiteElo "2272"]
[BlackElo "2153"]
[WhiteFideId "14507943"]
[BlackFideId "14510359"]
[EventDate "2012.02.05"]
[EventType "tourn"]

1. Nf3 Nf6 2. c4 d5 3. cxd5 Nxd5 4. g3 g6 5. Bg2 Bg7 6. O-O O-O 7. d4 Nc6 8. e4
Nb6 9. d5 Na5 10. Qe1 Nac4 11. Nc3 c6 12. b3 Na5 13. Be3 Bg4 14. Rd1 Nd7 15. h3
Bxf3 16. Bxf3 c5 17. Bg2 b6 18. f4 Nb7 19. e5 Qc8 20. Qe2 a5 21. a4 Rb8 22. Nb5
Qe8 23. d6 e6 24. Na7 Nd8 25. Bc1 f6 26. Bb2 Rf7 27. Nb5 Nf8 28. exf6 Bxf6 29.
Rfe1 Qd7 30. Be5 Nc6 31. Qb2 Bxe5 32. fxe5 Rf5 33. g4 Rf7 34. Rf1 Nd8 35. Qe2
Rc8 36. Nc7 Kg7 37. Qa6 Rxf1+ 38. Rxf1 Nf7 39. Qxb6 c4 40. Bc6 Qd8 41. Qf2 Rxc7
42. dxc7 Qxc7 43. Be8 1-0

[Event "10th ch-CRO w 2012"]
[Site "Topusko CRO"]
[Date "2012.02.10"]
[Round "7.4"]
[White "Bazaj Bockai,S"]
[Black "Deur,Z"]
[Result "0-1"]
[WhiteTitle "WFM"]
[BlackTitle "WFM"]
[WhiteElo "2088"]
[BlackElo "2142"]
[WhiteFideId "14501724"]
[BlackFideId "14512670"]
[EventDate "2012.02.05"]
[EventType "tourn"]

1. e4 c5 2. Nf3 Nc6 3. Bb5 e6 4. Bxc6 bxc6 5. O-O Ne7 6. d3 Ng6 7. Nc3 Be7 8.
Ne2 Qc7 9. Bg5 f6 10. Bd2 O-O 11. g3 d5 12. h4 f5 13. h5 fxe4 14. dxe4 Ne5 15.
Nxe5 Qxe5 16. Nc3 Ba6 17. Re1 Qf6 18. f4 c4 19. Be3 Qf7 20. Qg4 Bc8 21. h6 g6
22. e5 c5 23. Bf2 a6 24. Rad1 Bb7 25. b3 cxb3 26. axb3 Qf5 27. Qxf5 Rxf5 28. Na4
d4 29. Nb6 Rd8 30. Rd3 Rh5 31. Kf1 Rxh6 32. Ke2 Rh1 33. Rxh1 Bxh1 34. Rd1 Be4
35. Rd2 Bxc2 36. Rxc2 d3+ 37. Kd2 dxc2+ 38. Kxc2 Kf7 39. Na4 Rc8 40. Kd3 Rb8 41.
Kc3 Rb5 42. Kc4 Rb4+ 43. Kc3 c4 44. Nc5 Bxc5 45. Bxc5 Rxb3+ 46. Kxc4 Rxg3 0-1

[Event "10th ch-CRO w 2012"]
[Site "Topusko CRO"]
[Date "2012.02.11"]
[Round "8.1"]
[White "Berke,A"]
[Black "Bazaj Bockai,S"]
[Result "0-1"]
[WhiteTitle "WFM"]
[BlackTitle "WFM"]
[WhiteElo "2153"]
[BlackElo "2088"]
[WhiteFideId "14510359"]
[BlackFideId "14501724"]
[EventDate "2012.02.05"]
[EventType "tourn"]

1. e4 c5 2. Nf3 e6 3. d4 cxd4 4. Nxd4 Nf6 5. Nc3 d6 6. Be3 Be7 7. Be2 Nc6 8. O-O
O-O 9. a4 a6 10. f4 Qc7 11. Bf3 Rb8 12. Nb3 b6 13. Kh1 Na5 14. g4 Nc4 15. Bc1
Bb7 16. g5 Ne8 17. Bg2 g6 18. Nd4 e5 19. Nde2 exf4 20. Nxf4 Qd8 21. h4 Ng7 22.
b3 Ne5 23. Ba3 Rc8 24. Ncd5 Bxd5 25. Nxd5 Rc6 26. Qd2 Nh5 27. Rfd1 Re8 28. c4 a5
29. Ra2 Bf8 30. Qe1 h6 31. Qe3 Ng4 32. Qf3 Ne5 33. Qe3 Ng4 34. Qh3 Ne5 35. Bf3
Nxf3 36. Qxf3 hxg5 37. Rf2 Bg7 38. Qxf7+ Kh7 39. Qf3 gxh4 40. Rg1 Rf8 41. Qe3
Be5 42. Bc1 Bg7 43. Rh2 Rc8 44. Rg4 Rf1+ 45. Kg2 Qf8 46. Rhxh4 Bd4 47. Rf4 Bxe3
48. Rxf8 Rg1+ 49. Kh2 Rxf8 50. Bxe3 Re1 51. Rg4 Rff1 52. Bg1 Re2+ 53. Kh1 Rf3
54. Bh2 Rh3 55. Rg2 Re1+ 56. Rg1 Re2 57. Rg2 Rxe4 58. Rf2 Rxb3 59. Bxd6 Rxc4 60.
Bf8 Rh4+ 61. Kg2 Rg4+ 62. Kh2 Rh4+ 63. Kg2 Rg4+ 64. Kh2 Rh4+ 65. Kg2 g5 66. Rf5
Rg4+ 67. Kf2 Rgg3 68. Ke2 Rb2+ 69. Kf1 Rd3 70. Ke1 Rh3 71. Rf1 Rb1+ 72. Kf2
Rxf1+ 73. Kxf1 Rf3+ 0-1

[Event "10th ch-CRO w 2012"]
[Site "Topusko CRO"]
[Date "2012.02.11"]
[Round "8.2"]
[White "Ivekovic,T"]
[Black "Franciskovic,B"]
[Result "1/2-1/2"]
[BlackTitle "WIM"]
[WhiteElo "2048"]
[BlackElo "2272"]
[WhiteFideId "14517825"]
[BlackFideId "14507943"]
[EventDate "2012.02.05"]
[EventType "tourn"]

1. e4 c6 2. d4 d5 3. exd5 cxd5 4. c4 Nf6 5. Nc3 g6 6. Nf3 Bg7 7. Be2 O-O 8. O-O
Nc6 9. Bg5 dxc4 10. Bxc4 Na5 11. Be2 Be6 12. Rc1 Rc8 13. b3 Bf5 14. Qd2 Nc6 15.
Rfd1 Nd5 16. Nxd5 Qxd5 17. Bc4 Qd6 18. Bf4 Qb4 19. Qe2 Bg4 20. Be3 b5 21. Bxb5
Nxd4 22. Bxd4 Bxd4 23. Bc4 Rcd8 24. h3 Bxf3 25. Qxf3 Qb6 26. Qe2 e5 27. Kh1 Rd6
28. f3 Kg7 29. Rf1 f5 30. Rcd1 Qd8 31. Qc2 Qh4 32. Qe2 Rfd8 33. Bd3 Qg5 34. g4
Kh8 35. Bc4 h5 36. Qg2 hxg4 37. fxg4 f4 38. Qf3 Kg7 39. Kg2 Qh4 40. Rd3 Be3 41.
Rxe3 fxe3 42. Qxe3 Rd2+ 43. Kg1 Rd1 44. Qxe5+ Kh7 45. Qe3 Rxf1+ 46. Bxf1 Rd7 47.
a4 Qf6 48. Bc4 Rd1+ 49. Kg2 Qc6+ 50. Kg3 Qd6+ 51. Kf3 Qc6+ 52. Kg3 Qc7+ 53. Kg2
Qd7 54. Kf3 Rd2 55. Kg3 Qd6+ 56. Kh4 Qf6+ 57. Kg3 Rd7 58. Kg2 Re7 59. Qd3 Qb2+
60. Kg3 Qe5+ 61. Kg2 Qf4 62. Qd8 Qe4+ 63. Kg3 Qe1+ 64. Kg2 Qe4+ 65. Kg3 Qe3+ 66.
Kg2 Re8 67. Qd7+ Kh8 68. Qd6 Qe4+ 69. Kg3 Qe1+ 70. Kg2 Qc3 71. Qd5 Rf8 72. Qe4
Qb2+ 73. Qe2 Qf6 74. Qe3 g5 75. Kg3 Qd6+ 76. Kg2 Qf6 77. Kg3 a5 78. Kg2 Rd8 79.
Kg3 Qd6+ 80. Kg2 Qd2+ 81. Qxd2 Rxd2+ 82. Kg3 Rc2 83. Kf3 Kg7 84. Ke4 Rd2 85. Kf5
Kh6 86. Ke4 Kg6 87. Ke5 Rd1 88. Bd5 Rd2 89. Bc4 Rd1 90. Bd5 Rd2 91. Bc4 Rd1 92.
Bd5 1/2-1/2

[Event "10th ch-CRO w 2012"]
[Site "Topusko CRO"]
[Date "2012.02.11"]
[Round "8.3"]
[White "Ivekovic,A CRO"]
[Black "Medic,Mir"]
[Result "1/2-1/2"]
[BlackTitle "WGM"]
[WhiteElo "1987"]
[BlackElo "2228"]
[WhiteFideId "14514508"]
[BlackFideId "14501619"]
[EventDate "2012.02.05"]
[EventType "tourn"]

1. e4 e6 2. d4 d5 3. Nc3 Bb4 4. e5 c5 5. Qg4 Ne7 6. a3 Bxc3+ 7. bxc3 Nf5 8. Bd3
h5 9. Qf4 Nc6 10. Nf3 Nce7 11. h3 Qc7 12. Bd2 Bd7 13. Rg1 O-O-O 14. g4 hxg4 15.
hxg4 Ng6 16. Qg5 Nfe7 17. Qe3 c4 18. Bxg6 Nxg6 19. Ng5 Ba4 20. O-O-O Qe7 21. Kb2
Rh4 22. Qe2 Rf8 23. Rde1 Kb8 24. Bc1 Rc8 25. Qf3 Be8 26. Ka2 Rc6 27. Qe3 Rb6 28.
Bb2 Ba4 29. Re2 Rh8 30. Rb1 a5 31. Bc1 Rxb1 32. Kxb1 Nf8 33. Re1 Be8 34. Ka2 Nd7
35. Bd2 Nb6 36. Qf3 Na4 37. Rb1 Ka7 38. Re1 Ka6 39. Re2 Nb6 40. Re1 Na4 41. Re2
Nb6 1/2-1/2

[Event "10th ch-CRO w 2012"]
[Site "Topusko CRO"]
[Date "2012.02.11"]
[Round "8.4"]
[White "Sargac,R"]
[Black "Ljikar,Tamara"]
[Result "1-0"]
[WhiteTitle "WIM"]
[WhiteElo "2134"]
[BlackElo "1793"]
[WhiteFideId "14507250"]
[BlackFideId "14530767"]
[EventDate "2012.02.05"]
[EventType "tourn"]

1. d4 d5 2. e3 Nf6 3. f4 c5 4. c3 Nc6 5. Nf3 g6 6. Bd3 Bg7 7. O-O O-O 8. Nbd2 b6
9. b3 e6 10. Ba3 Nd7 11. Qe2 Re8 12. Ne5 Bb7 13. Rac1 Ncxe5 14. dxe5 Rc8 15. c4
Nf8 16. Bb2 Re7 17. cxd5 exd5 18. Nf3 Rec7 19. Rfd1 Ne6 20. f5 Ng5 21. f6 Nxf3+
22. Qxf3 Bf8 23. Qg3 Qe8 24. Bf5 Rd8 25. e6 Bd6 26. Be5 Bxe5 27. Qxe5 Rc6 28. e7
Ra8 29. Rxd5 1-0

[Event "10th ch-CRO w 2012"]
[Site "Topusko CRO"]
[Date "2012.02.12"]
[Round "9.1"]
[White "Medic,Mir"]
[Black "Sargac,R"]
[Result "1-0"]
[WhiteTitle "WGM"]
[BlackTitle "WIM"]
[WhiteElo "2228"]
[BlackElo "2134"]
[WhiteFideId "14501619"]
[BlackFideId "14507250"]
[EventDate "2012.02.05"]
[EventType "tourn"]

1. d4 e6 2. c4 Bb4+ 3. Nc3 f5 4. Nf3 Nf6 5. Bd2 O-O 6. g3 d6 7. Bg2 Nc6 8. a3
Bxc3 9. Bxc3 Ne4 10. Rc1 Nxc3 11. Rxc3 e5 12. d5 Ne7 13. e3 f4 14. exf4 exf4 15.
Nd4 Ng6 16. O-O Ne5 17. c5 dxc5 18. Ne6 Bxe6 19. dxe6 Qe7 20. Bxb7 Rab8 21. Be4
fxg3 22. hxg3 Rxb2 23. Bxh7+ Kxh7 24. Qh5+ Kg8 25. Qxe5 Rb6 26. Rxc5 Rxe6 27.
Qxc7 Qxc7 28. Rxc7 Ra6 29. Rc3 Rf5 30. Rd1 Raf6 31. Rd2 Rf3 32. Rxf3 Rxf3 33. a4
Ra3 34. Rd4 Kh7 35. Kg2 Kg8 36. g4 Kf8 37. f3 Ke7 38. Kg3 g5 39. Rd5 Rxa4 40.
Rxg5 Ra1 41. Rf5 a5 42. Kf4 a4 43. Kg5 a3 44. Ra5 a2 45. f4 Kf7 46. Kf5 Ke7 47.
g5 Kf7 48. Ra7+ Kf8 49. Kf6 Re1 50. Rxa2 Re8 51. f5 Rb8 52. Kg6 1-0

[Event "10th ch-CRO w 2012"]
[Site "Topusko CRO"]
[Date "2012.02.12"]
[Round "9.2"]
[White "Franciskovic,B"]
[Black "Ivekovic,A CRO"]
[Result "1/2-1/2"]
[WhiteTitle "WIM"]
[WhiteElo "2272"]
[BlackElo "1987"]
[WhiteFideId "14507943"]
[BlackFideId "14514508"]
[EventDate "2012.02.05"]
[EventType "tourn"]

1. Nf3 Nf6 2. c4 c5 3. Nc3 Nc6 4. g3 g6 5. Bg2 Bg7 6. O-O O-O 7. d4 d6 8. dxc5
dxc5 9. Bf4 Qxd1 10. Raxd1 Be6 11. Ne5 Rac8 12. Nxc6 bxc6 13. b3 Nd7 14. Ne4 Bd4
15. Bh6 Rfe8 16. Rd2 Nf6 17. Nxf6+ Bxf6 18. Be3 Bc3 19. Rdd1 Bb4 20. a3 Bxa3 21.
Ra1 Bb4 22. Rxa7 Bg4 23. Bf3 Bf5 24. Rc1 h5 25. Kg2 e5 26. Kg1 Ra8 27. Rc7 e4
28. Bg2 Ra6 29. h4 Bg4 30. Bf1 Rea8 31. Kg2 Bf5 32. Rd1 Kg7 33. f3 exf3+ 34.
Kxf3 Bg4+ 35. Kf2 Re8 36. Bg2 Re6 37. Bf3 Bxf3 38. Kxf3 Ra3 39. Rd3 Ra2 40. Rdd7
Rf6+ 41. Bf4 Rb2 42. Rd3 Bd2 43. Rcd7 Bxf4 44. gxf4 Rb1 45. e3 Re6 46. Ra7 Rh1
47. Rdd7 Rh3+ 48. Kg2 Rhxe3 49. Rxf7+ Kg8 50. Rg7+ Kf8 51. f5 gxf5 52. Rgf7+ Kg8
53. Rxf5 Rxb3 54. Rg5+ Kf8 55. Rxh5 Kg8 56. Rg5+ Kf8 57. Rf5+ Kg8 58. Rxc5 Re2+
59. Kf1 Rc2 60. Rg5+ Kf8 61. Rf5+ Kg8 62. Rg5+ Kf8 63. Rf5+ Kg8 1/2-1/2

[Event "10th ch-CRO w 2012"]
[Site "Topusko CRO"]
[Date "2012.02.12"]
[Round "9.3"]
[White "Bazaj Bockai,S"]
[Black "Ivekovic,T"]
[Result "1/2-1/2"]
[WhiteTitle "WFM"]
[WhiteElo "2088"]
[BlackElo "2048"]
[WhiteFideId "14501724"]
[BlackFideId "14517825"]
[EventDate "2012.02.05"]
[EventType "tourn"]

1. e4 e5 2. Nf3 Nc6 3. Bb5 a6 4. Bxc6 dxc6 5. O-O Bg4 6. h3 Bxf3 7. Qxf3 Qd7 8.
d3 O-O-O 9. Nd2 Qe6 10. Nc4 Ne7 11. Bd2 Ng6 12. a4 Bd6 13. b4 Kd7 14. Rfb1 Ra8
15. Be3 Rhe8 16. Na5 Reb8 17. d4 Ke8 18. d5 cxd5 19. exd5 Qe7 20. c3 e4 21. Qh5
h6 22. Re1 Kf8 23. Nc4 Re8 24. Ra2 Qd7 25. Rae2 Qxa4 26. Qf5 Be5 27. Bc5+ Kg8
28. d6 cxd6 29. Nxd6 Bxd6 30. Bxd6 Qc6 31. Qc5 Rac8 32. Rxe4 Rxe4 33. Rxe4 b6
34. Qf5 Qxc3 35. h4 Rd8 36. Bg3 Qc8 1/2-1/2

[Event "10th ch-CRO w 2012"]
[Site "Topusko CRO"]
[Date "2012.02.12"]
[Round "9.4"]
[White "Deur,Z"]
[Black "Berke,A"]
[Result "1-0"]
[WhiteTitle "WFM"]
[BlackTitle "WFM"]
[WhiteElo "2142"]
[BlackElo "2153"]
[WhiteFideId "14512670"]
[BlackFideId "14510359"]
[EventDate "2012.02.05"]
[EventType "tourn"]

1. e4 e5 2. Nf3 d6 3. d4 exd4 4. Nxd4 Nf6 5. Nc3 Be7 6. g3 d5 7. e5 Ng4 8. Bg2
Nxe5 9. Qe2 Nec6 10. Nxc6 bxc6 11. Bf4 O-O 12. O-O-O Be6 13. h4 Nd7 14. Qa6 Nb6
15. Qb7 Bd6 16. Qxc6 Bd7 17. Qb7 Rb8 18. Qxa7 Bxf4+ 19. gxf4 c6 20. Bf1 Bf5 21.
Qa5 Qd6 22. Kb1 Qxf4 23. Qc5 h6 24. Ba6 Be4 25. Nxe4 Qxe4 26. Bd3 Qf4 27. b3 Qf6
28. Qa5 Rb7 29. Qa6 Rbb8 30. Qa5 c5 31. Bb5 Ra8 32. Qe1 Rfb8 33. Qe2 c4 34. Rh3
Ra5 35. Rf3 Qd6 36. Be8 Qa3 37. Bxf7+ Kh8 38. Qe5 Qxa2+ 39. Kc1 Qa3+ 40. Kd2 Nd7
41. Qc3 cxb3 42. Rg1 Qb4 43. Qxb4 Rxb4 44. Rxb3 Rxb3 45. cxb3 Ne5 46. Bh5 d4 47.
Rc1 g6 48. Be2 Kg7 49. f4 Ra2+ 50. Rc2 Rxc2+ 51. Kxc2 Nc6 52. Kd3 Kf6 53. Bf3
Nb4+ 54. Kxd4 Kf5 55. Be4+ Kxf4 56. Bxg6 Nc6+ 57. Kc5 Ne7 58. h5 Ke5 59. Bc2 Nd5
60. Bg6 Nc7 61. Kc6 Nd5 62. Kd7 Kd4 63. Ke6 Nf4+ 64. Kf5 Nd3 65. Bf7 Ne5 66. Bg8
Nc6 67. Bc4 Ne5 68. Be6 Nd3 69. Bg8 Ne5 70. Kf6 Nc6 71. Bc4 Ne5 72. Kg7 Ng4 73.
Be2 Ne3 74. Kxh6 Nd5 75. Bc4 Nf4 76. Kg5 Ke5 77. h6 Nh3+ 78. Kg6 Nf4+ 79. Kf7
Nh3 80. h7 Ng5+ 81. Kg7 1-0

[Event "TCh-NED Meesterklasse 2011-12"]
[Site "Netherlands NED"]
[Date "2012.02.11"]
[Round "6.1"]
[White "Lemmers,O"]
[Black "Van Dongen,C1"]
[Result "1/2-1/2"]
[WhiteTitle "IM"]
[WhiteElo "2382"]
[BlackElo "2354"]
[WhiteTeam "Voerendaal"]
[BlackTeam "De Stukkenjagers"]
[WhiteFideId "1002759"]
[BlackFideId "1007920"]
[EventDate "2011.09.17"]

1. e4 c5 2. c3 g6 3. d4 cxd4 4. cxd4 d5 5. e5 Nc6 6. Nc3 f6 7. exf6 exf6 8. g3
Nge7 9. Bg2 Bg7 10. Nge2 Be6 11. O-O Qd7 12. Nf4 Bf7 13. Bh3 f5 14. Nd3 O-O 15.
Nc5 Qc8 16. Nb3 b6 17. Bf4 Qd7 18. Qd2 Nc8 19. Rfe1 Nd6 20. Bxd6 1/2-1/2

[Event "TCh-NED Meesterklasse 2011-12"]
[Site "Netherlands NED"]
[Date "2012.02.11"]
[Round "6.2"]
[White "Grooten,H"]
[Black "Orlov,And"]
[Result "0-1"]
[WhiteTitle "IM"]
[BlackTitle "GM"]
[WhiteElo "2333"]
[BlackElo "2525"]
[WhiteTeam "De Stukkenjagers"]
[BlackTeam "Voerendaal"]
[WhiteFideId "1000330"]
[BlackFideId "4125282"]
[EventDate "2011.09.17"]

1. d4 Nf6 2. c4 c5 3. d5 e5 4. Nc3 d6 5. e4 g6 6. g3 Bg7 7. Bg2 O-O 8. Nf3 a6 9.
a4 Nbd7 10. O-O Rb8 11. h3 Ne8 12. Be3 Nc7 13. Qd3 f5 14. Ng5 f4 15. Ne6 Nxe6
16. dxe6 Nb6 17. Bd2 Bxe6 18. b3 Qd7 19. Kh2 Nc8 20. Nd5 Na7 21. g4 Nc6 22. f3
Nd4 23. Rfb1 b5 24. axb5 axb5 25. Ra6 Rb7 26. Bc3 Rfb8 27. Bxd4 bxc4 28. Qxc4
exd4 29. Bf1 Qd8 30. Qc1 Bxd5 31. exd5 Rxb3 32. Rxb3 Rxb3 33. Ra3 Re3 34. Rxe3
fxe3 35. f4 Qf8 36. f5 gxf5 37. g5 f4 38. Qc2 f3 39. Bd3 Be5+ 40. Kh1 Qf4 41.
Bxh7+ Kh8 0-1

[Event "TCh-NED Meesterklasse 2011-12"]
[Site "Netherlands NED"]
[Date "2012.02.11"]
[Round "6.3"]
[White "Bitalzadeh,A"]
[Black "Haast,A"]
[Result "1-0"]
[WhiteTitle "IM"]
[BlackTitle "WIM"]
[WhiteElo "2409"]
[BlackElo "2264"]
[WhiteTeam "Voerendaal"]
[BlackTeam "De Stukkenjagers"]
[WhiteFideId "1010972"]
[BlackFideId "1017292"]
[EventDate "2011.09.17"]

1. c4 e5 2. g3 Nf6 3. Bg2 d5 4. cxd5 Nxd5 5. Nc3 Nb6 6. Nf3 Nc6 7. O-O Be7 8. a3
O-O 9. b4 Be6 10. Rb1 f6 11. d3 Nd4 12. Be3 Nxf3+ 13. Bxf3 c6 14. b5 Nd5 15. Qb3
Qd7 16. bxc6 bxc6 17. Nxd5 cxd5 18. Qb7 Rfd8 19. a4 Bf8 20. a5 Qe8 21. a6 f5 22.
Rfc1 Rdb8 23. Bxa7 Rxb7 24. axb7 Rb8 25. Bxb8 Qxb8 26. Rc6 Kf7 27. Ra6 e4 28.
Bg2 g5 29. Ra8 Bd6 30. Rxb8 Bxb8 31. Rc1 1-0

[Event "TCh-NED Meesterklasse 2011-12"]
[Site "Netherlands NED"]
[Date "2012.02.11"]
[Round "6.4"]
[White "Nabuurs,M"]
[Black "Trella,T"]
[Result "1/2-1/2"]
[BlackTitle "FM"]
[WhiteElo "2189"]
[BlackElo "2415"]
[WhiteTeam "De Stukkenjagers"]
[BlackTeam "Voerendaal"]
[WhiteFideId "1018515"]
[BlackFideId "24620513"]
[EventDate "2011.09.17"]

1. e4 e6 2. Nf3 d5 3. e5 c5 4. b4 cxb4 5. a3 d4 6. axb4 Bxb4 7. Bb2 Nc6 8. c3
dxc3 9. Nxc3 Nge7 10. Bc4 O-O 11. O-O Qc7 12. Qe2 Nf5 13. Qe4 Rd8 14. Ne2 Rb8
15. Bd3 g6 16. g4 Nfe7 17. Ng3 Qd7 18. Bc2 b6 19. Nh5 Nd5 20. Nf6+ Nxf6 21. exf6
Bb7 22. Ba4 Qd6 23. Qe3 Qd5 24. Bb3 Qxf3 25. Qxf3 Nd4 26. Qe3 Nf3+ 27. Kg2 Bxd2
28. Qxf3 Bxf3+ 29. Kxf3 Rd3+ 30. Ke2 Rxb3 31. Be5 Rd8 32. Rfd1 Rd5 33. Rxd2
Rxe5+ 34. Kf1 Rd5 35. Rxd5 exd5 36. Rxa7 h6 37. Ra8+ Kh7 38. Rf8 g5 39. Rxf7+
Kg6 40. Rd7 Rf3 41. Rxd5 Rxf6 42. Kg2 Kf7 43. Kg3 Ke6 44. Rd2 Ke5 45. h4 gxh4+
46. Kxh4 Kf4 47. Rd5 Ke4 48. Rb5 Kf4 1/2-1/2

[Event "TCh-NED Meesterklasse 2011-12"]
[Site "Netherlands NED"]
[Date "2012.02.11"]
[Round "6.5"]
[White "Levin,F"]
[Black "Beukema,S"]
[Result "1-0"]
[WhiteTitle "GM"]
[WhiteElo "2482"]
[BlackElo "2259"]
[WhiteTeam "Voerendaal"]
[BlackTeam "De Stukkenjagers"]
[WhiteFideId "4650905"]
[BlackFideId "1024523"]
[EventDate "2011.09.17"]

1. Nf3 Nf6 2. c4 c5 3. Nc3 Nc6 4. g3 b6 5. Bg2 Bb7 6. O-O e6 7. e4 d6 8. d4 cxd4
9. Nxd4 Ne5 10. f4 Ned7 11. g4 Nc5 12. Qe2 Be7 13. b4 Na6 14. g5 Nd7 15. a3 O-O
16. h4 Nc7 17. e5 Bxg2 18. Qxg2 dxe5 19. Nc6 Qe8 20. fxe5 Nb8 21. Nxe7+ Qxe7 22.
Nb5 Qd7 23. Bb2 Nxb5 24. cxb5 Qd5 25. Rfd1 Qxg2+ 26. Kxg2 Re8 27. Rd6 Kf8 28.
Rc1 h5 29. Rc7 g6 30. Kf3 Kg7 31. Ke4 Kf8 32. Kd3 a5 33. Bc3 Re7 34. Rxe7 Kxe7
35. Rxb6 Nd7 36. Rb7 Kd8 37. b6 axb4 38. axb4 Rb8 39. Rxb8+ Nxb8 40. Kc4 Nc6 41.
Kb5 Kd7 42. Ka6 Kc8 43. b5 Nd8 44. Ka7 Nb7 45. Bb4 Nd8 46. Bd6 Nb7 47. Bc7 Nc5
48. b7+ Nxb7 49. Kb6 1-0